000 00890nam a2200253Ia 4500
003 OSt
005 20221005112141.0
006 a|||||r|||| 00| 0
007 ta
008 221004b |||||||| |||| 00| 0 pan d
020 _a817205369X (hbk)
_c160
024 _a5366
037 _b686, 12/06/2013, H.K. Prakashan
_cTextual
040 _aCRL
_cCRL
_bpan
041 _2pan
_apan
082 _aO153,3:g(Y), P6
100 _aਮਹਿਲ ਸਿੰਘ
245 0 _aਪੰਜਾਬੀ ਨਾਵਲ ਦਾ ਸਮਾਜ ਇਤਿਹਾਸਕ ਅਧਿਐਨ
260 _aਅੰਮ੍ਰਿਤਸਰ
_bਸਿੰਘ ਬ੍ਰਦਰਗ਼ ਭਾਰਤ
_c2006
300 _a149ਪੰ
_ccm.
650 _aਪੰਜਾਬੀ ਸਾਹਿਤ
942 _hO153,3:g(Y), P6
_cTEXL
_2cc
999 _c1023975
_d1023975